Kiểm soát quyền lực nhà nước Sách tham khảo
Zapisane w:
| 1. autor: | |
|---|---|
| Format: | Książka |
| Wydane: |
Hà Nội
Chính trị quốc gia Sự thật
2017
|
| Hasła przedmiotowe: | |
| Etykiety: |
Dodaj etykietę
Nie ma etykietki, Dołącz pierwszą etykiete!
|
| Thư viện lưu trữ: | Trung tâm Học liệu Lê Vũ Hùng, Trường Đại học Đồng Tháp |
|---|
| LEADER | 00819pam a22002418a 4500 | ||
|---|---|---|---|
| 001 | 00040244 | ||
| 005 | 20171117081122.0 | ||
| 008 | 170516s2006 ||||||Viesd | ||
| 020 | # | # | |a 978 604 57 2505 4 |c 142000 |
| 041 | 0 | # | |a Vie |
| 082 | 1 | # | |a 342.597 04 |b K304S |
| 100 | 0 | # | |a Nguyễn, Đăng Dung |
| 245 | 0 | 0 | |b Sách tham khảo |a Kiểm soát quyền lực nhà nước |c Nguyễn Đăng Dung |
| 260 | # | # | |a Hà Nội |b Chính trị quốc gia Sự thật |c 2017 |
| 300 | # | # | |a 572 tr. |c 21 cm. |
| 653 | # | # | |a Pháp luật |
| 653 | # | # | |a Việt Nam |
| 653 | # | # | |a kiểm soát |
| 653 | # | # | |a nhà nước |
| 653 | # | # | |a quyền lực |
| 852 | # | # | |j KM.0023343 |j KD.0022679 |
| 910 | |d 17/11/2017 | ||
| 980 | # | # | |a Trung tâm Học liệu Lê Vũ Hùng, Trường Đại học Đồng Tháp |